|
|
|
|
| LEADER |
00907nam a2200217 a 4500 |
| 001 |
GR-MES10338 |
| 008 |
060629s enk 000 0 gre d |
| 040 |
|
|
|a GrPaTEI
|b gre
|c GR-PaULI
|
| 040 |
|
|
|a GrPaTEI
|b gre
|c GR-PaULI
|
| 100 |
1 |
|
|a Thain, M.
|
| 245 |
1 |
4 |
|a The Penguin dictionary of biology /
|c M. Thain ; M. Hickman.
|
| 250 |
|
|
|a 11nd ed.
|
| 260 |
|
|
|a London :
|b Penguin books,
|c c2004
|
| 300 |
|
|
|a σ. εκ.
|
| 500 |
|
|
|a being the eleventh edition of the work originally compiled by M. Abercrombie , C.J Hickman ,M.L. Johnson
|
| 650 |
|
0 |
|a Biology
|x Dictionairies
|
| 700 |
1 |
|
|a Hickman, M.
|
| 942 |
|
|
|2 ddc
|
| 952 |
|
|
|0 0
|1 0
|2 ddc
|4 0
|6 574_030000000000000_THA
|7 0
|9 269856
|a MSLG
|b MSLG
|c BSC
|d 2021-01-17
|e 24
|f 0
|g 0.00
|l 0
|o 574.03 THA
|p 2420000020065
|r 2021-01-17 00:00:00
|t 1
|v 2021.00
|w 2021-01-17
|y BK15
|x 20060629 0 δεν δανειζεται 0
|x GrPaTEI
|
| 971 |
|
|
|a .b25763854
|b 15-04-20
|c 13-09-16
|
| 999 |
|
|
|c 155784
|d 155784
|